| 000 | 01837cad a22002895a 4500 | ||
|---|---|---|---|
| 001 | K121166 | ||
| 008 | 170616s2019 xxk f f 001 0 eng d | ||
| 020 | _a9781783213832 | ||
| 041 | 0 | _aeng | |
| 110 | 2 | _aRoyal Institution of Chartered Surveyors | |
| 240 | 0 | 0 | _aRed Book |
| 245 | 0 | 0 |
_aRICS Valuation - Global Standards 2020 _bIncorporating the IVSC International Valuation Standards _h[old edition] |
| 260 |
_aLondon _bRICS _c2019 |
||
| 490 | 0 | _aRICS Professional Statement | |
| 490 | 0 | _aRICS Valuation Standards | |
| 490 | _aRICS Red Book | ||
| 505 | 2 | _aPreface - Introduction - Glossary - Professional Standards - Valuation technical and performance standards, Valuation applications - International Valuation Standards 2020 | |
| 520 | _aContains mandatory professional standards and advisory guidance for all RICS registered valuers undertaking valuation services worldwide. Incorporates the International Valuation Standards 2020 (IVS) (effective from 31 January 2020) issued by the International Valuation Standards Council which are published in full in Part 6. Effective from 31 January 2020. Applies to all valuations where the valuation date is on or after that date. Accompanuing paper Basis for conclusion (L159427) explains the rationale behind the changes to the Red Book 2020. | ||
| 520 | _aSuperseded by IVSC effective Effective 31 January 2022 ISBN 9780993151347 | ||
| 650 | 2 | 4 | _aRICS VALUATION STANDARDS |
| 650 | 2 | 4 | _aINTERNATIONAL VALUATION STANDARDS 2020 |
| 650 | 2 | 4 | _aRED BOOK |
| 651 | 4 | _aInternational | |
| 690 |
_aValuation _96273 |
||
| 856 | 4 | 0 |
_uhttp://web.archive.org/web/20211022085328/https://www.rics.org/globalassets/rics-website/media/upholding-professional-standards/sector-standards/valuation/rics-valuation--global-standards.pdf _zArchived on the internet archive |
| 942 | _n0 | ||
| 999 |
_c121166 _d121166 |
||